The chickens fight back (Record no. 65213)

MARC details
000 -LEADER
fixed length control field 00961cam a2200205 4500
001 - CONTROL NUMBER
control field ABS63011
008 - FIXED-LENGTH DATA ELEMENTS--GENERAL INFORMATION
fixed length control field 000000n2000 000 0 eng u
035 ## - SYSTEM CONTROL NUMBER
System control number (Sirsi) u109246
100 ## - MAIN ENTRY--PERSONAL NAME
Personal name Minogue, A.
245 #4 - TITLE STATEMENT
Title The chickens fight back
260 ## - PUBLICATION, DISTRIBUTION, ETC.
Date of publication, distribution, etc. 2000
490 ## - SERIES STATEMENT
Series statement Building
Volume/sequential designation 265(8160) 3 November 2000, 62-63(2)
520 ## - SUMMARY, ETC.
Summary, etc. Argues that "Discain Project Services v Opecprime Development Ltd" will make a considerable difference to the adjudication system. Suggests the case brings complex legal concepts of 'natural justice' into the adjudication arena. Notes that in many cases adjudication will have resulted in breaches of the rules of natural justice. Predicts the Discain ruling will lead to a host of challenges to adjudicators' decisions.
590 ## - LOCAL NOTE (RLIN)
Local note ABS
650 ## - SUBJECT ADDED ENTRY--TOPICAL TERM
Topical term or geographic name entry element DISCAIN PROJECT SERVICES LTD V OPECPRIME DEVELOPMENT LTD
650 ## - SUBJECT ADDED ENTRY--TOPICAL TERM
Topical term or geographic name entry element NATURAL JUSTICE
650 ## - SUBJECT ADDED ENTRY--TOPICAL TERM
Topical term or geographic name entry element FAIRNESS
690 ## - LOCAL SUBJECT ADDED ENTRY--TOPICAL TERM (OCLC, RLIN)
Topical term or geographic name as entry element Dispute resolution
9 (RLIN) 6236
942 ## - ADDED ENTRY ELEMENTS (KOHA)
Suppress in OPAC 0
Holdings
Withdrawn status Lost status Source of classification or shelving scheme Damaged status Not for loan Home library Current library Shelving location Date acquired Total Checkouts Full call number Barcode Date last seen Copy number Price effective from Koha item type
    Dewey Decimal Classification     London London Journal article 08/11/2000   ABS63011 109246-1001 06/08/2019 1 06/08/2019 Journal article